| 000 | 00502pab a2200181 454500 | ||
|---|---|---|---|
| 008 | 180718b2011 xxu||||| |||| 00| 0 eng d | ||
| 100 | _aSeita, Lalit Kumar | ||
| 245 | _aWhy distribution losses are still uncontrollable? A case study of electricity position in Haryana | ||
| 260 | _c2011 | ||
| 300 | _ap.121-142. | ||
| 362 | _aDec | ||
| 650 | _aElectricity - India - Haryana | ||
| 650 | _aElectricity | ||
| 700 | _aSingh, Hawa | ||
| 773 | _aMan and Development | ||
| 908 | _aN | ||
| 909 | _a95461 | ||
| 999 |
_c95461 _d95461 |
||